000
00360nam a2200169Ia 4500
100
_a
Firdaus/Thoriq
650
_a
web design
942
_c
BK
366
_f
20
654
_a
web design
245
_a
Responsive web design by Example:Begineers Guide
260
_b
PACKT
_c
2013
082
_a
4.65
_b
FIR
300
_a
317
546
_a
ENGLISH
999
_c
25032
_d
25032